Uzak çağların yakın kenti : (Record no. 160353)
[ view plain ]
| 000 -LEADER | |
|---|---|
| fixed length control field | 00625 a2200229 4500 |
| 001 - CONTROL NUMBER | |
| control field | 160353 |
| 003 - CONTROL NUMBER IDENTIFIER | |
| control field | TR-AnTOB |
| 005 - DATE AND TIME OF LATEST TRANSACTION | |
| control field | 20240719140317.0 |
| 008 - FIXED-LENGTH DATA ELEMENTS--GENERAL INFORMATION | |
| fixed length control field | 161110s2005 tr 000 0 |
| 040 ## - CATALOGING SOURCE | |
| Original cataloging agency | TR-AnTOB |
| Transcribing agency | TR-AnTOB |
| 041 ## - LANGUAGE CODE | |
| Language code of text/sound track or separate title | Türkçe |
| 050 ## - LIBRARY OF CONGRESS CALL NUMBER | |
| Classification number | DS51.C32 |
| 090 ## - LOCALLY ASSIGNED LC-TYPE CALL NUMBER (OCLC); LOCAL CALL NUMBER (RLIN) | |
| Classification number (OCLC) (R) ; Classification number, CALL (RLIN) (NR) | * |
| 245 #0 - TITLE STATEMENT | |
| Title | Uzak çağların yakın kenti : |
| Remainder of title | Çankırı'da üniversite arayışı. |
| 246 ## - VARYING FORM OF TITLE | |
| Title proper/short title | Çankırı Üniveristesi: Kuruluş gerekçe raporu. |
| 264 #1 - PRODUCTION, PUBLICATION, DISTRIBUTION, MANUFACTURE, AND COPYRIGHT NOTICE | |
| Place of production, publication, distribution, manufacture | Çankırı: |
| Name of producer, publisher, distributor, manufacturer | Çankırı Ticaret Borsası, |
| Date of production, publication, distribution, manufacture, or copyright notice | 2005. |
| 300 ## - PHYSICAL DESCRIPTION | |
| Extent | iv, 82 s.: |
| Other physical details | res.,; |
| Dimensions | 30 cm. |
| 902 ## - LOCAL DATA ELEMENT B, LDB (RLIN) | |
| a | T000484 |
| 903 ## - LOCAL DATA ELEMENT C, LDC (RLIN) | |
| a | TOBB Özel Koleksiyonu. |
| 942 ## - ADDED ENTRY ELEMENTS (KOHA) | |
| Koha item type | Book |
| Source of classification or shelving scheme | Library of Congress Classification |
| Withdrawn status | Lost status | Source of classification or shelving scheme | Not for loan | Collection code | Home library | Current library | Shelving location | Date acquired | Source of acquisition | Inventory number | Total Checkouts | Total Holds | Full call number | Barcode | Copy number | Date shelved | Koha item type |
|---|---|---|---|---|---|---|---|---|---|---|---|---|---|---|---|---|---|
| Library of Congress Classification | Ödünç Verilebilir / Available | TOBB Kütüphanesi Bağış Koleksiyonu - Klasik | Merkez Kütüphane | Merkez Kütüphane | TOBB Bağışı Koleksiyonu / TOBB Gift Collection | 27/12/2008 | Bağış / Donation | TAR | DS51.C32 | T000484 | 1 | 21/04/2010 | Book |
